|
|
|
|
| LEADER |
00000nas a2200000 i 4500 |
| 001 |
ssj0001476710 |
| 003 |
WaSeSS |
| 005 |
20200512172242.0 |
| 006 |
m d |
| 007 |
cr n |
| 008 |
140203c20149999enk x os 0 a0eng |
| 010 |
|
|
|a 2013207565
|
| 015 |
|
|
|a GBB650351
|2 bnb
|
| 016 |
7 |
|
|a 017728856
|2 Uk
|
| 016 |
7 |
|
|a 101759159
|2 DNLM
|
| 022 |
|
|
|a 2333-5432
|l 2333-5432
|
| 035 |
|
|
|a (WaSeSS)ssj0001476710
|
| 037 |
|
|
|b Taylor & Francis Group, 4 Park Square, Milton Park, Abingdon, Oxfordshire, OX14 4RN, UK
|
| 040 |
|
|
|a DLC
|b eng
|e pn
|c DLC
|d OCLCO
|d DLC
|d OCLCO
|d PFM
|d OCLCO
|d OCLCQ
|d OCLCO
|d OCLCF
|d OCLCO
|d Z5A
|d OCLCO
|d LIP
|d WY@
|d OCLCO
|d OCLCQ
|d NLE
|d OCLCA
|d U3W
|d OCLCO
|d UAB
|d OCLCO
|d CRU
|d OCLCO
|d AU@
|d OCLCO
|d UKMGB
|d VT2
|d OCLCO
|d NLM
|d OCLCO
|d OCLCA
|d WaSeSS
|
| 042 |
|
|
|a pcc
|a nsdp
|
| 050 |
0 |
0 |
|a QH513
|
| 060 |
0 |
0 |
|a W1
|
| 082 |
0 |
0 |
|a 571.43
|2 23
|
| 210 |
0 |
|
|a Int. biomech.
|
| 222 |
|
0 |
|a International biomechanics
|
| 245 |
0 |
0 |
|a International biomechanics
|h [electronic resource].
|
| 260 |
|
|
|a Abingdon, Oxfordshire, United Kingdom :
|b Taylor & Francis,
|c [2014]-
|
| 310 |
|
|
|a Irregular
|
| 362 |
1 |
|
|a Began with: Volume 1, issue 1 (2014)
|
| 506 |
|
|
|a License restrictions may limit access.
|
| 515 |
|
|
|a Articles published as they become available during the year and compiled into annual volumes.
|
| 588 |
|
|
|a Description based on: Volume 1, issue 1 (2014); title from caption (tandfonline.com, viewed March 10, 2016).
|
| 588 |
|
|
|a Latest issue consulted: Volume 7, issue 1 (2020) (viewed December 23, 2019).
|
| 650 |
|
0 |
|a Biomechanics
|v Periodicals.
|
| 650 |
|
7 |
|a Biomechanics.
|2 fast
|0 (OCoLC)fst00832558
|
| 650 |
1 |
2 |
|a Biomechanical Phenomena.
|
| 655 |
|
0 |
|a Electronic journals.
|
| 710 |
2 |
|
|a European Society for Biomechanics.
|
| 850 |
|
|
|a DLC
|
| 856 |
4 |
0 |
|z Full text available from Research Library: 12/01/2014 to 12/31/2017
|u https://search.proquest.com/publication/3933152
|
| 856 |
4 |
0 |
|z Full text available from Research Library: 01/01/2019 to present
|u https://search.proquest.com/publication/3933152
|